| 000 | 02744nam0a2200385 i 4500 | ||
|---|---|---|---|
| 001 | RU\NLR\BIBL_A\010653233 | ||
| 005 | 20260405092124.0 | ||
| 010 |
_a9785905675270 _9100 |
||
| 021 |
_aRU _b2014-89307 _95429 |
||
| 035 | _a(NILC)RuMoRGB-007836847 | ||
| 035 | _a(NLR Aleph) 010653233 | ||
| 090 |
_a10713740 _c10713740 |
||
| 100 | _a20150126d2015 u y0rusy50 ca | ||
| 101 | 0 | _arus | |
| 102 | _aRU | ||
| 105 | _aa|||j||||||y| | ||
| 200 | 1 |
_aБезопасность автомобиля и защита от травмируемости участников движения _eучебное пособие для студентов вузов, обучающихся по направлению подготовки бакалавров "Наземные транспортно-технологические комплексы" и по специальности "Наземные транспортно-технологические средства" _fИ. В. Балабин, В. В. Богданов _gМ-во образования и науки Российской Федерации, Федеральное гос. бюджетное образовательное учреждение высш. проф. образования "Московский гос. машиностроительный ун-т (МАМИ)" (Ун-т машиностроения), Каф. "Сопротивление материалов" |
|
| 210 |
_aМосква _cУниверситет машиностроения _d2015 _d[т. е. 2014] |
||
| 215 |
_a346 с. _cил., табл., цв. ил. _d21 |
||
| 300 | _aФактическая дата выхода в свет - 2014 | ||
| 320 | _aБиблиогр.: с. 329-332 | ||
| 606 | 1 |
_aПешеходы _jУчебные издания для высших учебных заведений _xБезопасность движения _91903439 _3RU\NLR\AUTH\66866750 |
|
| 606 | 1 |
_aАвтомобильный транспорт _jУчебные издания для высших учебных заведений _xБезопасность движения _9898589 _3RU\NLR\AUTH\666127 |
|
| 610 | 0 | _aударозащитные устройства автомобиля | |
| 610 | 0 | _aзащита пешеходов | |
| 610 | 0 | _aбезопасность пешеходного движения | |
| 686 | 1 | _aО808.020.3я73-1 | |
| 686 | 1 | _aО33-082.03я73-1 | |
| 700 | 1 |
_aБалабин _bИ. В. _gИгорь Венедиктович |
|
| 701 | 1 |
_8rus _7ca _aБогданов _bВ. В. _cканд. техн. наук _gВладимир Викторович _3RU\NLR\AUTH\7733323 _916331 |
|
| 801 | 0 |
_aRU _bРГБ _c20141210 _gRCR |
|
| 942 | _cBOOK | ||
| 980 | _aNBR | ||